• 首页
  • 本馆介绍
  • 公告通知
  • 最新文献
  • 馆藏检索
  • 电子资源
  • 读者导购
  • 参考咨询
  • 我的图书馆
  • 登录
  • 详细信息显示
  • 放入我的书架
  • 预约/预借图书
  • 作者相关作品
  • 分类相关作品
  • 丛书相关作品
  • 出版社相关作品

书目信息

  • 表格格式
  • 工作单格式
  • 卡片格式
题名:
星际旅行指南
    
 
作者: 叶永烈 主编
分册:  
出版信息: 北京   朝华出版社  2012.06
页数: 436页
开本: 24cm
丛书名: 科学探秘文库
单 册:
中图分类: V11-49
科图分类:
主题词: 空间探索--普及读物 , 空间探索
电子资源:
ISBN: 978-7-5054-3165-2
000 00834oam2 2200253 450
001 0100500012155
005 20130504154536.78
010    @a978-7-5054-3165-2@dCNY49.80
100    @a20120724d2012 em y0chiy0110 ea
101 0  @achi
102    @aCN@b110000
105    @aa z 000yy
106    @ar
200 1  @a星际旅行指南@9xing ji lv xing zhi nan@f叶永烈主编
210    @a北京@c朝华出版社@d2012.06
215    @a436页@c彩图,彩照,折图@d24cm
225 1  @a科学探秘文库@v2
330    @a本书是一本天文探索的普及读物,书中介绍了太阳、月球、金星、木星、水星、火星、土星、天王星、海王星、冥王星、小行星、彗星、恒星、银河系等天文常识。
606 0  @a空间探索@j普及读物
606 0  @a空间探索
690    @aV11-49@v5
701  0 @a叶永烈@9ye yong lie@f(1940~)@4主编
801  0 @aCN@bNLC@c20120831
905    @b542697-701@dV11-49@e39@f5
    
    星际旅行指南/叶永烈主编.-北京:朝华出版社,2012.06
    436页:彩图,彩照,折图;24cm.-(科学探秘文库;2)
    
    
    ISBN 978-7-5054-3165-2:CNY49.80
    本书是一本天文探索的普及读物,书中介绍了太阳、月球、金星、木星、水星、火星、土星、天王星、海王星、冥王星、小行星、彗星、恒星、银河系等天文常识。
●
相关链接 在E读中查询图书 在五车中查询图书 在当当中查询图书 在豆瓣中查询图书


正题名:星际旅行指南     索取号:V11-49/39         预约/预借

序号 登录号 条形码 馆藏地/架位号 状态 备注
1 542697   205426975   第二样本阅览室/ [索取号:V11-49/39] 在馆    
2 542698   205426984   第三借阅区/ [索取号:V11-49/39] 在馆    
3 542699   205426993   第三借阅区/ [索取号:V11-49/39] 在馆    
4 542700   205427000   第三借阅区/ [索取号:V11-49/39] 在馆    
5 542701   205427019   第三借阅区/ [索取号:V11-49/39] 在馆    
唐山师范学院图书馆 欢迎您!
大连网信软件有限公司© 版权所有